X-Men Quizzes 14: Mystique - Statistics

General Stats
  • This quiz has been taken 38 times
  • The average score is 5 of 9
Answer Stats
Hint Answer % Correct
Who is her blue teleporting son? Nightcrawler / Kurt Wagner
91%
What is her mutant ability? Shapeshifting
88%
Who portrayed her from 2011-2019? Jennifer Lawrence
85%
What is her real name? Raven Darkhölme
64%
Who is his father? Sabretooth / Victor Creed
36%
Who is her other son who is anti-mutant? Graydon Creed
33%
Which organisation did the above found? Friends of Humanity / FOH
27%
Who portrayed her from 2000-2006? Rebecca Romjin
27%
Which writer created her? David Cockrum
6%
No matching quizzes found
Score Distribution
Percent of People with Each Score
Percentile by Number Answered
Your Score History
You have not taken this quiz